000 00591nam a2200181Ia 4500
008 100920s9999 xx 000 0 und d
082 _b96174
_a51 न 06
100 _aजोंधळे इंदुमती.
245 _aबिनपटाची चौकट.
260 _bअक्षर प्रकाशन, मुंबई.
_c2006
300 _a156
_bसाधी
365 _b125
520 _aचरित्र.
630 _aबिनपटाची चौकट.
650 _aचरित्र.
730 _aबिनपटाची चौकट.
942 _cBOOK
999 _c736614
_d736611